00454nam a2200157Ia 4500008004100000020001800041082001400059100002200073245007900095250000900174260004100183300002300224500001900247600001500266650001500281240925s9999 xx 000 0 und d a9788131533352 a658.3 GRI aGriffin, Ricky W. 0aOrganizational Behavior with CourseMate: managing people and organizations a11th aNew Delhi:bCengage Learningc,2014. a158p.b0fOriginal aIncludes Index aManagement aManagement